[Event "?"]
[Site "?"]
[Date "2011.06.04"]
[Round "6.17"]
[White "Jüttner, Dennis"]
[Black "Jüttner, Mark"]
[Result "1/2-1/2"]
[WhiteElo "943"]
[BlackElo "977"]
[PlyCount "42"]
[EventDate "2011.??.??"]
[WhiteTeam "SpVgg Rommelshausen"]
[BlackTeam "SpVgg Rommelshausen"]

1. e4 e5 2. f4 Nc6 3. Nf3 f6 4. d4 d5 5. exd5 Qxd5 6. Nc3 Qf7 7. fxe5 Qg6 8.
exf6 Nxf6 9. Nb5 Bd6 10. Nxd6+ cxd6 11. Bd3 Bf5 12. Qe2+ Kf8 13. Bxf5 Qxf5 14.
O-O Re8 15. Qc4 d5 16. Qc5+ Ne7 17. Ne5 Qe4 18. Nd7+ Kf7 19. Nxf6 gxf6 20. Qd6
f5 21. Bg5 Rhg8 1/2-1/2

[Event "?"]
[Site "?"]
[Date "2011.06.04"]
[Round "6.18"]
[White "Fey, Karl-Heinz"]
[Black "Langjahr, Marius"]
[Result "0-1"]
[WhiteElo "815"]
[BlackElo "972"]
[PlyCount "82"]
[EventDate "2011.??.??"]

1. c4 e5 2. Nc3 Nf6 3. e4 Bb4 4. Nf3 Nc6 5. d3 d6 6. h3 Nd4 7. Be2 O-O 8. O-O
Nxe2+ 9. Nxe2 Be6 10. a3 Bc5 11. b4 Bb6 12. Bb2 h6 13. Kh1 c6 14. Qc2 Rc8 15.
Rad1 d5 16. c5 Bc7 17. Bxe5 Bxe5 18. Nxe5 Qc7 19. f4 Rfd8 20. f5 Qxe5 21. d4
Qxe4 22. Qxe4 Nxe4 23. fxe6 fxe6 24. g4 Rf8 25. Kh2 Rf2+ 26. Rxf2 Nxf2 27. Re1
Nd3 28. Rf1 Nb2 29. Nf4 Nc4 30. Nxe6 Nxa3 31. Nf4 Nc2 32. Ng6 Re8 33. Rf5 Nxd4
34. Re5 Nf3+ 35. Kg3 Nxe5 36. Nh4 d4 37. Nf3 d3 38. Nd2 Nd7 39. Kf4 Re2 40. Ne4
Rxe4+ 41. Kxe4 d2 0-1

[Event "?"]
[Site "?"]
[Date "2011.06.04"]
[Round "6.19"]
[White "Naizghi, Agazit-Aida"]
[Black "Dallinger, Frank"]
[Result "0-1"]
[WhiteElo "806"]
[BlackElo "955"]
[PlyCount "46"]
[EventDate "2011.??.??"]

1. e4 e5 2. Nf3 Nc6 3. Bc4 Nf6 4. d3 Bc5 5. Be3 Bxe3 6. fxe3 d6 7. O-O Bg4 8.
Nc3 Qd7 9. d4 O-O-O 10. dxe5 Nxe5 11. Qd4 Nxf3+ 12. gxf3 Be6 13. Bb5 c6 14.
Qxa7 cxb5 15. Qa8+ Kc7 16. Qa5+ Kc8 17. Nxb5 Qc6 18. e5 Kd7 19. Rad1 d5 20.
exf6 gxf6 21. e4 Rhg8+ 22. Kh1 Qxc2 23. exd5 Qg2# 0-1

[Event "?"]
[Site "?"]
[Date "2011.06.04"]
[Round "6.20"]
[White "Reichardt, Julius"]
[Black "Renn, Max"]
[Result "1-0"]
[WhiteElo "812"]
[BlackElo "1200"]
[PlyCount "75"]
[EventDate "2011.??.??"]

1. Nf3 e6 2. c4 Bc5 3. d4 Bb4+ 4. Nc3 d5 5. cxd5 exd5 6. Qa4+ Bd7 7. Qxb4 Nc6
8. Qb3 Nf6 9. Nxd5 Nxd5 10. Qxd5 O-O 11. e3 Nb4 12. Qb3 Na6 13. Bxa6 bxa6 14.
O-O Rb8 15. Qd3 Bb5 16. Qd1 Bxf1 17. Qxf1 a5 18. Qa6 c5 19. dxc5 Qd1+ 20. Qf1
Qxf1+ 21. Kxf1 Rbd8 22. Bd2 a4 23. c6 Rc8 24. Rc1 Rfe8 25. g3 Re6 26. c7 Re7
27. Ba5 h5 28. h4 g6 29. b4 a6 30. Rc6 Rd7 31. Rxa6 Rd1+ 32. Kg2 Rd7 33. Ne5
Rcxc7 34. Bxc7 Rxc7 35. Rxa4 Rc8 36. b5 Rb8 37. Rb4 Kf8 38. Nd7+ 1-0

[Event "?"]
[Site "?"]
[Date "2011.06.04"]
[Round "6.22"]
[White "Maly, Jan"]
[Black "Eberhardt, Juliane"]
[Result "1-0"]
[WhiteElo "811"]
[BlackElo "1030"]
[PlyCount "51"]
[EventDate "2011.??.??"]

1. e4 e5 2. Nf3 Nc6 3. Bc4 Nf6 4. Nc3 Bb4 5. d3 Bxc3+ 6. bxc3 a6 7. O-O d5 8.
exd5 Nxd5 9. Bd2 Bf5 10. Re1 Qd6 11. d4 f6 12. Qe2 O-O-O 13. dxe5 fxe5 14. Nxe5
Nxe5 15. Qxe5 Bxc2 16. Qxg7 Rhg8 17. Qe5 Qg6 18. Bxd5 Rde8 19. Qd4 Rxe1+ 20.
Rxe1 c6 21. Bxg8 Qxg8 22. Re7 Qxa2 23. h3 Qa1+ 24. Kh2 Qa3 25. Qd7+ Kb8 26.
Qxb7# 1-0

[Event "?"]
[Site "?"]
[Date "2011.06.04"]
[Round "7.2"]
[White "Vogel, Uwe"]
[Black "Dallinger, Moritz"]
[Result "0-1"]
[WhiteElo "1339"]
[BlackElo "1489"]
[PlyCount "72"]
[EventDate "2011.??.??"]
[WhiteTeam "SC Gross-Sachsenheim"]
[BlackTeam "SV Stuttgart-Wolfbusch 1956 e.V."]

1. Nf3 c5 2. d3 a6 3. g3 b5 4. Bg2 Bb7 5. O-O e6 6. e4 d5 7. exd5 exd5 8. Re1+
Be7 9. b3 Nf6 10. Bb2 O-O 11. Nbd2 Nc6 12. d4 c4 13. a4 Bb4 14. c3 Bd6 15. b4
Re8 16. a5 Qd7 17. Qc2 Re7 18. Nf1 Rae8 19. Ne3 Nd8 20. Re2 Ne4 21. Rae1 f5 22.
Bh3 g6 23. Nd2 Nxd2 24. Qxd2 Nf7 25. f4 Nh6 26. Bg2 Bc7 27. Qd1 Bd8 28. Bc1 Ng4
29. Nxg4 Rxe2 30. Rxe2 Rxe2 31. Nh6+ Kg7 32. Nxf5+ Qxf5 33. Qxe2 Bf6 34. Be3
Bc6 35. g4 Qb1+ 36. Kf2 Bh4+ 0-1

[Event "?"]
[Site "?"]
[Date "2011.06.04"]
[Round "7.3"]
[White "Basaran, Mehmet"]
[Black "Su, Jahn"]
[Result "1/2-1/2"]
[WhiteElo "1456"]
[BlackElo "1474"]
[PlyCount "27"]
[EventDate "2011.??.??"]
[WhiteTeam "SV Unterkochen"]
[BlackTeam "Spvgg Böblingen"]

1. e4 c5 2. d3 d6 3. Nf3 g6 4. g3 Bg7 5. Bg2 Nc6 6. O-O Bg4 7. Nbd2 e5 8. b3
Nge7 9. Bb2 O-O 10. h3 Bd7 11. a4 h6 12. Nc4 Be6 13. Qd2 Qd7 14. Kh2 1/2-1/2

[Event "?"]
[Site "?"]
[Date "2011.06.04"]
[Round "7.4"]
[White "Fröhlich, Bodo"]
[Black "Dahm, Simon"]
[Result "0-1"]
[WhiteElo "1467"]
[BlackElo "1173"]
[PlyCount "116"]
[EventDate "2011.??.??"]
[WhiteTeam "SC Böblingen 1975 e.V."]
[BlackTeam "Spvgg Böblingen"]

1. d4 d5 2. Nf3 Nc6 3. g3 Bf5 4. Bg2 e6 5. O-O Nf6 6. b3 Bd6 7. Bb2 O-O 8. a3
Qe7 9. Ne5 Nd7 10. Nxd7 Qxd7 11. Re1 Ne7 12. Nd2 c6 13. e4 Bg6 14. c4 Rac8 15.
exd5 exd5 16. c5 Bc7 17. Nf3 f6 18. Re3 Nf5 19. Re2 Rfe8 20. Rxe8+ Rxe8 21. Bh3
Qe7 22. Bg2 Qe2 23. Qxe2 Rxe2 24. Bc3 Rc2 25. Bd2 Bh5 26. Be3 Bxf3 27. Bxf3 Rc3
28. Rb1 Nxe3 29. fxe3 Rxe3 30. Kf2 Rd3 31. Bg4 Rxd4 32. Bc8 b5 33. Bb7 Rd2+ 34.
Kf3 Rc2 35. Bxc6 Rxc5 36. Bd7 d4 37. Ke4 Be5 38. b4 Rc3 39. Bxb5 Rxa3 40. Rc1
Rc3 41. Ra1 Rc7 42. Kd5 Kf7 43. Bc6 Re7 44. b5 h5 45. Rd1 g5 46. Rd3 f5 47. h3
Kf6 48. g4 fxg4 49. hxg4 hxg4 50. Rd1 Kg6 51. Ke4 Bf6+ 52. Kd5 g3 53. Kd6 Kh5
54. Rh1+ Kg6 55. Bf3 Re3 56. Bc6 g4 57. Ra1 d3 58. Rxa7 d2 0-1

[Event "?"]
[Site "?"]
[Date "2011.06.04"]
[Round "7.5"]
[White "Konz, Andreas"]
[Black "Böse, Martin"]
[Result "1-0"]
[WhiteElo "1255"]
[BlackElo "1436"]
[PlyCount "47"]
[EventDate "2011.??.??"]
[WhiteTeam "SV Marbach"]

1. d4 Nf6 2. c4 d6 3. Nc3 g6 4. e4 Bg7 5. f3 O-O 6. Bd3 e5 7. d5 Nbd7 8. Be3
Ne8 9. Qd2 Qh4+ 10. Bf2 Qd8 11. O-O-O Nb6 12. Be3 Bd7 13. g4 Na4 14. Nge2 a6
15. b3 Nxc3 16. Nxc3 b5 17. h4 bxc4 18. Bxc4 a5 19. h5 Qb8 20. hxg6 fxg6 21.
Rdf1 a4 22. Bh6 Qb4 23. Bxg7 Kxg7 24. Qh6+ 1-0

[Event "?"]
[Site "?"]
[Date "2011.06.04"]
[Round "7.6"]
[White "Bürck, Alvin"]
[Black "Su, Kai"]
[Result "0-1"]
[WhiteElo "991"]
[BlackElo "1395"]
[PlyCount "24"]
[EventDate "2011.??.??"]
[WhiteTeam "SV Urach"]
[BlackTeam "Spvgg Böblingen"]

1. e4 c5 2. Nf3 d6 3. d4 cxd4 4. Nxd4 Nf6 5. Nc3 a6 6. Be3 e6 7. Bc4 b5 8. Bb3
b4 9. Na4 Nxe4 10. Qf3 d5 11. O-O-O Bd7 12. Bf4 Qa5 0-1

[Event "?"]
[Site "?"]
[Date "2011.06.04"]
[Round "7.7"]
[White "Erben, Katrin"]
[Black "Bitzel, Hubert"]
[Result "0-1"]
[WhiteElo "1266"]
[BlackElo "1494"]
[PlyCount "62"]
[EventDate "2011.??.??"]
[WhiteTeam "SV Stuttgart-Wolfbusch 1956 e.V."]
[BlackTeam "TSF Ditzingen"]

1. e4 e5 2. Nf3 d5 3. d3 Bd6 4. Be2 d4 5. c3 c5 6. b4 Nc6 7. bxc5 Bxc5 8. O-O
h6 9. cxd4 Bxd4 10. Nxd4 Qxd4 11. Qb3 Nge7 12. Bb2 Qd8 13. Nd2 Be6 14. Qc3 Rc8
15. Nc4 Nd4 16. Bd1 b5 17. Qa5 bxc4 18. Qxe5 c3 19. Ba3 O-O 20. Bc5 Nec6 21.
Qd6 Qxd6 22. Bxd6 Rcd8 23. Bc5 Ne5 24. Bxd4 Rxd4 25. Bc2 Nxd3 26. Rfd1 Rfd8 27.
a4 Bc4 28. Ra3 Nf4 29. Rxd4 Ne2+ 30. Kh1 Rxd4 31. a5 Rd2 0-1

[Event "?"]
[Site "?"]
[Date "2011.06.04"]
[Round "7.8"]
[White "Winterkorn, Nikolaus"]
[Black "Shankar, Ajay"]
[Result "0-1"]
[WhiteElo "1487"]
[BlackElo "1103"]
[PlyCount "98"]
[EventDate "2011.??.??"]
[WhiteTeam "DJK Sportbund Stuttgart e.V."]
[BlackTeam "SG Königskinder Hohentübingen e."]

1. Nf3 d5 2. d4 Nf6 3. Nc3 c5 4. e3 e6 5. h3 Nc6 6. Bb5 Bd7 7. O-O a6 8. Be2 c4
9. a3 Bd6 10. b3 b5 11. b4 O-O 12. Nh2 e5 13. dxe5 Bxe5 14. Bb2 Ne4 15. Qe1 Bf5
16. Bg4 Ne7 17. Bxf5 Nxf5 18. Nf3 Bf6 19. Rb1 Re8 20. Nxe4 Rxe4 21. Bxf6 Qxf6
22. c3 h6 23. Qd2 Rd8 24. Rbd1 Qg6 25. Qc2 Rd6 26. Rxd5 Nxe3 27. fxe3 Rxd5 28.
Qf2 Rd3 29. Nh4 Qe6 30. Nf5 Rxc3 31. Qg3 Qe5 32. Nxh6+ Kh7 33. Qxe5 Rxe5 34.
Nxf7 Rexe3 35. Ng5+ Kg6 36. h4 Rxa3 37. Rd1 Rad3 38. Ra1 Rd6 39. Kf2 Rb3 40.
Ne4 Rc6 41. Nc5 Rxb4 42. Nd7 Rc7 43. Rxa6+ Kf5 44. Nb6 Rc6 45. Ra7 Rxb6 46.
Rxg7 c3 47. Rf7+ Rf6 48. Rc7 Rc4 49. g4+ Kxg4+ 0-1

[Event "?"]
[Site "?"]
[Date "2011.06.04"]
[Round "7.9"]
[White "Zacke, Tamara"]
[Black "Thomas, Leonhard"]
[Result "0-1"]
[WhiteElo "992"]
[BlackElo "1279"]
[PlyCount "56"]
[EventDate "2011.??.??"]
[WhiteTeam "SV Stuttgart-Wolfbusch 1956 e.V."]
[BlackTeam "SV Fellbach"]

1. e4 e5 2. Nf3 Nc6 3. Bc4 Bc5 4. Nc3 d6 5. d3 h6 6. Be3 Bxe3 7. fxe3 Bg4 8.
O-O Nf6 9. d4 Qe7 10. Qd2 Bxf3 11. Rxf3 O-O 12. d5 Nd8 13. Rg3 b6 14. Rf1 Nb7
15. a3 Nc5 16. Qe2 Ncxe4 17. Nxe4 Nxe4 18. Rgf3 Ng5 19. Rg3 f6 20. Bd3 e4 21.
Bc4 Qe5 22. c3 f5 23. Rf4 Qf6 24. h4 Nf7 25. Qh5 Ne5 26. Rxf5 Qxf5 27. Qxf5
Rxf5 28. Be2 Raf8 0-1

[Event "?"]
[Site "?"]
[Date "2011.06.04"]
[Round "7.10"]
[White "Yaka, Fatih"]
[Black "Reichmann, Bernd"]
[Result "0-1"]
[WhiteElo "1036"]
[BlackElo "1165"]
[PlyCount "100"]
[EventDate "2011.??.??"]
[WhiteTeam "SK Bebenhausen 1992"]
[BlackTeam "SV Fellbach"]

1. c3 c6 2. d4 d5 3. Qc2 Nf6 4. Bf4 e6 5. Nd2 Bd6 6. Bg3 Bxg3 7. hxg3 h6 8. e4
dxe4 9. Nxe4 Nxe4 10. Qxe4 Nd7 11. O-O-O Nb6 12. Nf3 Qd5 13. Qxd5 Nxd5 14. Bc4
Nf6 15. Rhe1 O-O 16. Ne5 Re8 17. Re2 a5 18. a4 Kf8 19. Ba2 Nd7 20. f4 Nxe5 21.
Rxe5 b6 22. c4 Bb7 23. d5 c5 24. Re3 Rad8 25. Red3 Rd6 26. Kd2 Ba6 27. Kc3 Red8
28. R3d2 Ke7 29. g4 Bc8 30. Re1 Kf6 31. Bb1 exd5 32. g5+ hxg5 33. fxg5+ Kxg5
34. Re5+ f5 35. cxd5 Kf4 36. Re1 Rxd5 37. Rf2+ Kg5 38. Ref1 g6 39. g4 Rd1 40.
gxf5 Rxf1 41. Rxf1 Bxf5 42. Bxf5 gxf5 43. Kc4 f4 44. Rf3 Kg4 45. Rb3 Rd6 46.
Kb5 f3 47. Ka6 f2 48. Rb5 f1=Q 49. b4 Qg2 50. bxc5 Qa8# 0-1

[Event "?"]
[Site "?"]
[Date "2011.06.04"]
[Round "7.11"]
[White "Sandmeyer, Alexander"]
[Black "Gheng, Paul Dominik"]
[Result "1-0"]
[WhiteElo "1196"]
[BlackElo "1114"]
[PlyCount "56"]
[EventDate "2011.??.??"]
[WhiteTeam "Stuttgarter SF 1879"]
[BlackTeam "SC Leinfelden"]

1. c4 d6 2. Nc3 Nf6 3. Nf3 c5 4. g3 g6 5. Bg2 Bg7 6. O-O O-O 7. d4 cxd4 8. Nxd4
Bd7 9. a4 Bc6 10. Nxc6 Nxc6 11. Rb1 a5 12. Bd2 Nd7 13. Qc1 Nc5 14. Qd1 Rb8 15.
Ne4 Nd7 16. Bc3 h5 17. Bxg7 Kxg7 18. Qd3 Qb6 19. Qc3+ Qd4 20. Qxd4+ Nxd4 21. e3
Nb3 22. Rfd1 Nb6 23. Bf1 f5 24. Ng5 Nxa4 25. Ne6+ Kf6 26. Nxf8 Rxf8 27. Bg2 Rb8
28. Bd5 Nac5 1-0

[Event "?"]
[Site "?"]
[Date "2011.06.04"]
[Round "7.12"]
[White "Watz, Roland"]
[Black "Sax, Leon"]
[Result "1-0"]
[WhiteElo "1121"]
[BlackElo "1185"]
[PlyCount "87"]
[EventDate "2011.??.??"]
[WhiteTeam "SC Böblingen 1975 e.V."]
[BlackTeam "SC Gross-Sachsenheim"]

1. d4 d5 2. c4 e6 3. Nc3 Nf6 4. Nf3 c6 5. Bf4 Bb4 6. Qb3 Qa5 7. a3 Bxc3+ 8.
Qxc3 Qxc3+ 9. bxc3 O-O 10. e3 Ne4 11. cxd5 exd5 12. Rc1 Bg4 13. Ne5 Be6 14. Bd3
Nf6 15. O-O Nbd7 16. Nxd7 Bxd7 17. c4 dxc4 18. Bxc4 a6 19. Rfe1 Bf5 20. f3 b5
21. Ba2 Bd7 22. Bd6 Rfd8 23. Be7 Re8 24. Bxf6 gxf6 25. Rc5 a5 26. Bb1 h6 27.
Kf2 b4 28. axb4 axb4 29. e4 f5 30. e5 Ra1 31. g4 fxg4 32. Bh7+ Kxh7 33. Rxa1
gxf3 34. Kxf3 b3 35. Rb1 Rb8 36. Rb2 Rb6 37. Ra5 h5 38. Kf4 Rb4 39. Ke3 Kg6 40.
Kd3 Be6 41. Ra6 Bc4+ 42. Kc3 Bxa6 43. Kxb4 Kf5 44. Rxb3 1-0

[Event "?"]
[Site "?"]
[Date "2011.06.04"]
[Round "7.13"]
[White "Dallinger, Frank"]
[Black "Stecher, Oliver"]
[Result "1-0"]
[WhiteElo "955"]
[BlackElo "1165"]
[PlyCount "90"]
[EventDate "2011.??.??"]

1. e4 e5 2. Nf3 Nc6 3. Bc4 Bc5 4. Nc3 Nf6 5. d3 h6 6. Qe2 d6 7. a3 Bg4 8. b4
Bxf3 9. Qxf3 Nd4 10. Qd1 Bb6 11. O-O c6 12. Be3 Qd7 13. Re1 Rc8 14. Bxd4 Bxd4
15. Qd2 d5 16. Ba2 O-O 17. Rab1 Bxc3 18. Qxc3 Rfe8 19. f3 Qd6 20. Kf1 Rc7 21.
h3 Kh7 22. Qd2 Rd7 23. g4 g5 24. Qf2 b5 25. c3 dxe4 26. dxe4 Qd3+ 27. Re2 Qxc3
28. h4 Kg6 29. hxg5 hxg5 30. Bb3 Rd3 31. Rc2 Qd4 32. Qxd4 Rxf3+ 33. Qf2 Rxf2+
34. Kxf2 Nxe4+ 35. Kg1 f6 36. Rxc6 Nd2 37. Bc2+ Kf7 38. Rd1 Nf3+ 39. Kf2 Nd4
40. Rc7+ Ke6 41. Bf5+ Nxf5 42. gxf5+ Kxf5 43. Rxa7 g4 44. Kg3 Kg5 45. Rg7+ Kf5
1-0

[Event "?"]
[Site "?"]
[Date "2011.06.04"]
[Round "7.14"]
[White "Baumann, Sonja"]
[Black "Klein, Werner"]
[Result "1/2-1/2"]
[WhiteElo "1148"]
[BlackElo "1083"]
[PlyCount "44"]
[EventDate "2011.??.??"]
[WhiteTeam "SV Stuttgart-Wolfbusch 1956 e.V."]
[BlackTeam "SV Stuttgart-Wolfbusch 1956 e.V."]

1. e4 e5 2. Nf3 Nc6 3. Bc4 h6 4. Nc3 Nf6 5. d3 Be7 6. Be3 d6 7. O-O O-O 8. d4
exd4 9. Nxd4 Nxd4 10. Bxd4 c5 11. Be3 Re8 12. Qd2 Ng4 13. h3 Nxe3 14. fxe3 Rf8
15. Bd5 Rb8 16. Rf3 Be6 17. Raf1 Qd7 18. R1f2 Bxd5 19. Qxd5 Qe6 20. Qxe6 fxe6
21. Rxf8+ Rxf8 22. Rxf8+ Bxf8 1/2-1/2

[Event "?"]
[Site "?"]
[Date "2011.06.04"]
[Round "7.15"]
[White "Langjahr, Marius"]
[Black "Merk, Daniel"]
[Result "0-1"]
[WhiteElo "972"]
[BlackElo "1126"]
[PlyCount "172"]
[EventDate "2011.??.??"]


1. e4 e5 2. Bc4 Bc5 3. Nf3 Nc6 4. Ng5 Qxg5 5. Qf3 Qf6 6. Qxf6 Nxf6 7. Nc3 d6 8.
d3 O-O 9. Bg5 Bb4 10. Bxf6 Bxc3+ 11. bxc3 gxf6 12. Rb1 Na5 13. Bd5 c6 14. Bb3
Be6 15. c4 Nxb3 16. cxb3 f5 17. O-O fxe4 18. dxe4 f6 19. Rfd1 Rad8 20. h3 Rf7
21. c5 d5 22. a4 Rfd7 23. exd5 Rxd5 24. Rxd5 Rxd5 25. b4 b6 26. g4 bxc5 27.
bxc5 Rxc5 28. Rb8+ Kg7 29. Rb7+ Bf7 30. Rxa7 Rc1+ 31. Kg2 c5 32. Rc7 Ra1 33.
Rxc5 Rxa4 34. Rc7 Rc4 35. Re7 e4 36. Kg3 Kf8 37. Ra7 Rc3+ 38. Kf4 Rxh3 39. Kxe4
h5 40. gxh5 Rxh5 41. f4 Kg7 42. f5 Rh4+ 43. Kf3 Rc4 44. Ke3 Rb4 45. Kd3 Rf4 46.
Ra5 Kh6 47. Ke3 Kg5 48. Ra7 Bh5 49. Rg7+ Kxf5 50. Rb7 Rg4 51. Rb5+ Kg6 52. Kd3
Rg2 53. Ke3 Rg5 54. Rb6 Re5+ 55. Kf4 Rf5+ 56. Ke3 Kg5 57. Rb4 Rf3+ 58. Kd2 f5
59. Rb5 Kg4 60. Ke2 Kg3 61. Kd2 Bg4 62. Rb8 Rf2+ 63. Ke3 f4+ 64. Ke4 Re2+ 65.
Kd3 f3 66. Rf8 f2 67. Kd4 Re1 68. Rxf2 Kxf2 69. Kc3 Re2 70. Kd4 Kf3 71. Kc3 Ke3
72. Kc4 Rd2 73. Kc3 Rd3+ 74. Kc4 Ke4 75. Kc5 Rd4 76. Kc6 Ke5 77. Kc5 Bh5 78.
Kc6 Rd5 79. Kc7 Rd6 80. Kc8 Ke6 81. Kc7 Bg6 82. Kb7 Kd7 83. Kb8 Rc6 84. Kb7 Bf7
85. Ka7 Kc7 86. Ka8 Ra6# 0-1

[Event "?"]
[Site "?"]
[Date "2011.06.04"]
[Round "7.16"]
[White "Bauersfeld, Jasmin"]
[Black "Jüttner, Dennis"]
[Result "1-0"]
[WhiteElo "1182"]
[BlackElo "943"]
[PlyCount "99"]
[EventDate "2011.??.??"]

1. e4 e5 2. Nc3 f5 3. d3 Nf6 4. g3 fxe4 5. dxe4 Bc5 6. Bc4 Nc6 7. Bg5 d6 8.
Bxf6 Qxf6 9. Qf3 Qxf3 10. Nxf3 Bg4 11. Ng5 O-O-O 12. Nf7 Rhf8 13. Nxd8 Bxf2+
14. Kd2 Kxd8 15. Rhf1 Nd4 16. Be2 Nxe2 17. Nxe2 c5 18. c4 Rf3 19. b3 a6 20.
Rad1 b5 21. Kc2 Kc7 22. Rd3 Rf8 23. Ng1 b4 24. Rd2 Be3 25. Rxf8 Bxd2 26. Kxd2
Kd7 27. Rf7+ Ke6 28. Rxg7 h5 29. h3 Kf6 30. Rg8 Kf7 31. Ra8 Be6 32. Rxa6 Ke7
33. Ke3 Bc8 34. Ra7+ Ke8 35. Rh7 h4 36. g4 Kf8 37. Kf3 Kg8 38. Ra7 Kf8 39. Ra8
Ke7 40. Rxc8 Kd7 41. Rh8 Ke7 42. g5 Kf7 43. Kg4 Kg6 44. Rh6+ Kg7 45. Kh5 Kg8
46. Rxd6 Kh7 47. Rd7+ Kg8 48. g6 Kh8 49. Kh6 Kg8 50. Rd8# 1-0

[Event "?"]
[Site "?"]
[Date "2011.06.04"]
[Round "7.17"]
[White "Jüttner, Mark"]
[Black "Hauger, Albrecht"]
[Result "1/2-1/2"]
[WhiteElo "977"]
[BlackElo "954"]
[PlyCount "68"]
[EventDate "2011.??.??"]

1. e4 c5 2. Nc3 e6 3. Nf3 d6 4. d4 cxd4 5. Nxd4 Nc6 6. Bb5 Bd7 7. Be3 Nf6 8.
Qd3 Be7 9. Bg5 h6 10. Bh4 a6 11. Bxc6 Bxc6 12. Nxc6 bxc6 13. Rd1 Qc7 14. Qe3
Nh5 15. Bg3 Nxg3 16. Qxg3 O-O 17. O-O e5 18. Qg4 Rad8 19. Rd3 Qd7 20. Qh5 f6
21. Rg3 Qe8 22. Qxh6 g5 23. Rh3 Kf7 24. Qh5+ Ke6 25. Qg4+ Kf7 26. Rh7+ Kg8 27.
Qh3 Qg6 28. Rxe7 Rf7 29. Re6 Kf8 30. Rd1 Rfd7 31. Qh8+ Kf7 32. Qh3 g4 33. Rxf6+
Kxf6 34. Qh4+ Ke6 1/2-1/2

[Event "?"]
[Site "?"]
[Date "2011.06.04"]
[Round "7.18"]
[White "Bressmer, Lisa"]
[Black "Fey, Karl-Heinz"]
[Result "1-0"]
[WhiteElo "968"]
[BlackElo "815"]
[PlyCount "47"]
[EventDate "2011.??.??"]

1. e4 c5 2. Nc3 e5 3. Nf3 Nf6 4. Nxe5 Qc7 5. Nf3 Bd6 6. d3 Nc6 7. g3 h6 8. Bg2
O-O 9. O-O Nh7 10. Nh4 Nd4 11. Nd5 Qc6 12. c3 Ne6 13. Qg4 Kh8 14. Nf5 Rg8 15.
Nfe7 Nf6 16. Nxf6 Bxe7 17. Nxg8 Kxg8 18. Bxh6 d5 19. f4 dxe4 20. Bxe4 Qb6 21.
f5 Kh7 22. fxe6+ Kxh6 23. Rxf7 Bxe6 24. Qg6# 1-0

[Event "?"]
[Site "?"]
[Date "2011.06.04"]
[Round "7.20"]
[White "Günay, Nuri"]
[Black "Maly, Jan"]
[Result "1-0"]
[WhiteElo "831"]
[BlackElo "811"]
[PlyCount "105"]
[EventDate "2011.??.??"]

1. d4 d5 2. Nc3 Nf6 3. Bg5 Bf5 4. f3 Nc6 5. Bxf6 Nb4 6. e4 dxe4 7. fxe4 Bg6 8.
Bg5 Nc6 9. Bb5 Qd7 10. Nge2 e6 11. Qd2 Be7 12. Bxc6 Qxc6 13. Bxe7 Kxe7 14.
O-O-O Bxe4 15. Nxe4 Qxe4 16. Nf4 Rhd8 17. Rhe1 Qc6 18. Nh5 Qa4 19. a3 e5 20.
Rxe5+ Kd7 21. Rd5+ Kc8 22. Rxd8+ Kxd8 23. Nxg7 Qc4 24. b3 Qa6 25. Qb4 Qh6+ 26.
Kb1 Qxg7 27. Re1 Kd7 28. Re7+ Kd8 29. Qe1 Qf8 30. Re4 Kd7 31. Qb4 Qd8 32. Qxb7
Qf8 33. Qd5+ Qd6 34. Qxf7+ Kc8 35. b4 Qc6 36. Re8+ Kb7 37. Rxa8 Kxa8 38. Qxh7
Qc3 39. Qd7 Kb7 40. h4 Qxa3 41. Qb5+ Kc8 42. h5 Qc3 43. Qc5 Qe1+ 44. Kb2 Kb7
45. h6 Qh1 46. Qg5 Qg1 47. h7 Qxd4+ 48. Kb3 Qd8 49. Qxd8 Kb6 50. h8=R Kc6 51.
Rh6+ Kb7 52. Qd5+ Kc8 53. Rh8# 1-0

[Event "?"]
[Site "?"]
[Date "2011.06.04"]
[Round "7.22"]
[White "Renn, Max"]
[Black "Naizghi, Agazit-Aida"]
[Result "0-1"]
[WhiteElo "1200"]
[BlackElo "806"]
[PlyCount "97"]
[EventDate "2011.??.??"]

1. e4 e5 2. Bc4 Nf6 3. Nc3 Bc5 4. Nf3 d6 5. d3 O-O 6. O-O h6 7. h3 Be6 8. Bxe6
fxe6 9. Be3 Bxe3 10. fxe3 d5 11. exd5 exd5 12. Nxe5 d4 13. exd4 Qxd4+ 14. Rf2
Qxe5 15. Qe2 Nc6 16. Re1 Rae8 17. Ne4 Nxe4 18. dxe4 Rxf2 19. Kxf2 Rf8+ 20. Kg1
Qd4+ 21. Kh2 Qe5+ 22. Kg1 Nd4 23. Qd3 Qa5 24. Qd1 Qb6 25. Rf1 Ne2+ 26. Kh2 Rxf1
27. Qxf1 Qd6+ 28. Kh1 Nf4 29. g3 Nh5 30. g4 Ng3+ 31. Kg2 Nxf1 32. Kxf1 Qf4+ 33.
Ke1 Qxe4+ 34. Kd2 Qg2+ 35. Ke3 Qxh3+ 36. Kf4 g5+ 37. Kf5 Qf1+ 38. Kg6 Qh3 39.
Kf5 Qh4 40. Kg6 b6 41. c4 Kf8 42. b3 Ke7 43. b4 c5 44. b5 Ke6 45. a4 Ke5 46.
Kf7 Qxg4 47. Ke7 Qxc4 48. a5 Qe6+ 49. Kd8 0-1

[Event "?"]
[Site "?"]
[Date "2011.06.04"]
[Round "7.23"]
[White "Eberhardt, Juliane"]
[Black "Renn, Kevin"]
[Result "1-0"]
[WhiteElo "1030"]
[BlackElo "1200"]
[PlyCount "116"]
[EventDate "2011.??.??"]

1. e4 e5 2. Nf3 Nc6 3. d4 exd4 4. Nxd4 Bc5 5. Be3 Nxd4 6. Bxd4 Bb4+ 7. c3 Bf8
8. Bc4 Nf6 9. e5 d5 10. Bb3 c5 11. Be3 Bg4 12. Qd2 Ne4 13. Qxd5 c4 14. Qxc4 Ng5
15. Qxg4 Be7 16. Nd2 O-O 17. O-O b5 18. Ne4 Nxe4 19. Qxe4 Bh4 20. Rad1 Qe7 21.
Bc2 f5 22. Qd5+ Kh8 23. Bc5 Rfd8 24. Bxe7 Rxd5 25. Rxd5 Bxe7 26. Bxf5 g6 27.
Rd7 Re8 28. Be4 Bc5 29. Rd5 Be7 30. Rxb5 a6 31. Bc6 Rc8 32. Bd7 Rd8 33. Rb7 h5
34. c4 Kh7 35. Bb5 axb5 36. Rxe7+ Kh6 37. cxb5 g5 38. e6 Rd6 39. Re8 Rb6 40. a4
Rd6 41. Re1 h4 42. Rc8 Rd4 43. h3 g4 44. hxg4 Rxg4 45. e7 h3 46. Rc6+ Kg5 47.
e8=Q Rxg2+ 48. Kf1 Kg4 49. Qe4+ Kh5 50. Rc5+ Kh6 51. Qe8 Rg6 52. Qxg6+ Kxg6 53.
Re6+ Kf7 54. Ra6 h2 55. Kg2 h1=Q+ 56. Kxh1 Ke8 57. Rc7 Kd8 58. Rh7 Kc8 1-0